| 000 | 00463cam a2200193ua 4500 | ||
|---|---|---|---|
| 001 | 1913 | ||
| 005 | 20260515113425.0 | ||
| 008 | 110811n ii |||gr||||Z||||||eng | ||
| 040 | _cMAIN | ||
| 082 | _a370 | ||
| 100 |
_aRaymont, T., _eAuthor. |
||
| 245 | 1 |
_aPrinciples of education _cby T. Raymont |
|
| 250 | _a1st. | ||
| 260 |
_aHyderabad: _bOrient longman. |
||
| 300 |
_a359p: _c23cm. |
||
| 653 | _aEducation | ||
| 653 | _aPrinciples of education | ||
| 942 | _cBK | ||
| 999 |
_c1787 _d1787 |
||